Statistics for Harry Potter: Movies

Click here to take the quiz!

General Stats

  • This quiz has been taken 111 times
  • The average score is 11 of 13

Answer Stats

HintAnswer% Correct
Who is the main character's female friend?Hermione Granger
95%
Who is the main character?Harry Potter
94%
Who is the main character's male friend?Ronald Weasley
93%
What did Hagrid write on Harry's cake?(exact quote)Happee Birthdae Harry
85%
Where do they go to school?Hogwarts
85%
Where do the Weasleys live?The Burrow
84%
Why does Harry have his scar?Voldemort killed his parents
84%
Where is Harry's house?4 Privet Drive
81%
Who is the boy with a pure-blood family?Draco Malfoy
80%
Who is Harry's worst enemy?Vodemort
77%
What is Harry's "blood type"?Half-blood
75%
What is Hermione's "blood type"?Muggle born
67%
What is Ron's "blood type"?Pure-blood
63%

Score Distribution

Percentile by Number Answered

Percent of People with Each Score

Your Score History

You have not taken this quiz